00349nam a2200133Ia 4500003000400000040000800004041000700012245004900019260002200068362001800090942001100108952007700119999001900196LDD cLDD aen 0aJournal of Business Strategy : to be entered c1 Jul-31 Dec,2006 a27-27b04-Jun 2ddccJ 00102ddc40709178478aLDDbLDDl0pJ009455r2019-03-13w2019-03-13yJ c178705d178705